| 000 | 00912nas a2200313 4500 | ||
|---|---|---|---|
| 001 | BR2017001922 | ||
| 003 | BR-BrBNA | ||
| 005 | 20231205131025.0 | ||
| 007 | ta | ||
| 008 | 230509b bl.|||p| |||| 00| 00por d | ||
| 040 |
_aBR-BrBNA _bpor _cBiblioteca Nacional de Agricultura |
||
| 041 | _a(En) | ||
| 072 | _aF30; H20 | ||
| 100 | 1 | _aVarago, A.L. | |
| 100 | 1 | _aCitadin, I. | |
| 100 | 1 | _aSachet, M.R. | |
| 100 | 1 | _aPenso, G.A. | |
| 100 | 1 | _aRaseira, M. do C.B. | |
| 245 | 1 | _aHeritability of peach tree resistance to bacterial leaf spot | |
| 650 | _aPÊSSEGO | ||
| 650 | _aVARIEDADE RESISTENTE | ||
| 650 | _aHEREDITARIEDADE | ||
| 650 | _aDOENÇA DE PLANTA | ||
| 650 | _aBACTERIOSE | ||
| 650 | _aFOLHA | ||
| 773 | 0 |
_tPesquisa Agropecuária Brasileira (Brazil) _xISSN 0100-204X _g(May 2017), v. 52(5) p. 366-369 _wBR2017001922 |
|
| 909 |
_a202311 _bLúcia _c55 _dLúcia Elande |
||
| 942 |
_2AGRIS _n0 _cANA |
||
| 999 |
_c252639 _d252639 |
||